| 000 | 00505pam a2200217 4500 | ||
|---|---|---|---|
| 001 | 306302 | ||
| 005 | 20180302083658.0 | ||
| 008 | 730220s1973 nyua 001 0 eng | ||
| 010 | _a 73002558 | ||
| 020 | _a0690057822 | ||
| 040 |
_aDLC _cDLC _dDLC |
||
| 041 | _aeng | ||
| 080 | _a770 SUS | ||
| 082 | 0 | 0 | _a770 SUS |
| 100 | 1 | _a44 | |
| 101 | _aART | ||
| 245 | 1 | 4 | _aThe amateur photographer's handbook. |
| 350 | _a$8.95 | ||
| 906 |
_a7 _bcbc _corignew _d1 _eocip _f19 _gy-gencatlg |
||
| 942 |
_2ddc _cBK |
||
| 999 |
_c44087 _d44087 |
||